Katalog Plus
Bibliothek der Frankfurt UAS
Bald neuer Katalog: sichern Sie sich schon vorab Ihre persönlichen Merklisten im Nutzerkonto: Anleitung.

The Bubble Theory

Titel: The Bubble Theory : Towards a Framework of Enlightened Needs and Fair Development / by Min Ding
Verfasser:
Ausgabe: 1st ed. 2014
Veröffentlicht: Cham : Springer International Publishing, 2014
Umfang: 1 Online-Ressource (VIII, 63 Seiten) : 5 illus. in color.
Format: E-Book
Sprache: Englisch
Mehrbändiges Werk: SpringerBriefs in Business
Schlagworte:
Andere Ausgaben: Erscheint auch als Druck-Ausgabe: Ding, Min. The Bubble Theory. - Cham : Springer International Publishing, 2014
ISBN: 9783319009216 ; 3319009214 ; 9783319009209 ; 9783319009223
Buchumschlag
X
alg: 32689966
001A    $01999:06-08-13 
001B    $06055:06-03-26 $t20:00:22.000 
001D    $01999:06-08-13 
001U    $0utf8 
001X    $00 
002@    $0Oax 
002C    $aText $btxt $2rdacontent 
002D    $aComputermedien $bc $2rdamedia 
002E    $aOnline-Ressource $bcr $2rdacarrier 
003@    $0326899669 
003O    $0859589541 $aOCoLC 
004A    $A978-3-319-00921-6 
004A    $03-319-00921-4 
004E/04 $0SpringerNature-11643 $fSubject Collection Business and Economics 
004E/04 $0SpringerNature-43719 $fSubject Collection Business and Management (R0) 
004O    $A978-3-319-00920-9 $Sp 
004O    $A978-3-319-00922-3 $Sp 
004P    $010.1007/978-3-319-00921-6 $SV613 
007A    $0326899669 $aHEB 
007I    $0Springer978-3-319-00921-6 
009P    $qtext/html $3Inhaltsverzeichnis $uhttp://scans.hebis.de/HEBCGI/show.pl?32689966_toc.html $mX:DE-He213 
009P    $qtext/html $3Ausführliche Beschreibung $uhttp://scans.hebis.de/HEBCGI/show.pl?32689966_aub.html $mX:DE-He213 
009Q    $SV613 $uhttps://doi.org/10.1007/978-3-319-00921-6 $xR 
010@    $aeng 
010E    $erda 
011@    $a2014 
017B    $aZDB-2-SBE 
017B    $aZDB-2-SXBM 
021A    $aThe @Bubble Theory $dTowards a Framework of Enlightened Needs and Fair Development $hby Min Ding 
028A    $aDing $BVerfasser $dMin $4aut 
032@    $a1st ed. 2014 
033A    $pCham $nSpringer International Publishing 
033E    $pCham $nSpringer International Publishing AG 
034D    $a1 Online-Ressource (VIII, 63 Seiten) 
034M    $a5 illus. in color. 
036G    $aSpringerBriefs in Business $x2191-5490 
039D    $aErscheint auch als $tThe Bubble Theory $dCham $eSpringer International Publishing $f2014 $z978-3-319-00920-9 $lDing, Min $nDruck-Ausgabe 
044A    $aInternational economic integration $S#0 $N650 
044A    $aGlobalization $S#0 $N650 
044A    $aDevelopment economics $S#0 $N650 
044A    $aEconomic development $S#0 $N650 
044A    $aEmerging Markets and Globalization $S14 $N650 
044A    $aDevelopment Economics $S24 $N650 
044A    $aEconomic Growth $S24 $N650 
044K    $RPraxis $#Theory (Philosophy) $#Théorie (philosophie) $#Theorie $#Theorie $D20251120 $Ecgmnf $74059787-8 $8Theorie [Tsz] $9085166316 
045B    $a337 $eDDC23eng 
045B    $a303.482 $eDDC23eng 
045B    $a381 $eDDC23eng 

lok: 32689966 5

exp: 32689966 5 1 #EPN
201B/01 $008-11-13 $t23:35:02.000 
201U/01 $0utf8 
203@/01 $072302961X 
204P/01 $010.1007/978-3-319-00921-6 $SV613 
208@/01 $a08-11-13 $bl 

lok: 32689966 10

exp: 32689966 10 1 #EPN
201B/01 $006-01-14 $t22:37:11.000 
201U/01 $0utf8 
203@/01 $0724945644 
204P/01 $010.1007/978-3-319-00921-6 $SV613 
208@/01 $a06-01-14 $bl 

lok: 32689966 20

exp: 32689966 20 1 #EPN
201B/01 $017-10-13 $t23:19:13.000 
201U/01 $0utf8 
203@/01 $0722007582 
204P/01 $010.1007/978-3-319-00921-6 $SV613 
208@/01 $a17-10-13 $bl 

lok: 32689966 21

exp: 32689966 21 1 #EPN
201B/01 $008-11-13 $t23:35:02.000 
201U/01 $0utf8 
203@/01 $0723029628 
204P/01 $010.1007/978-3-319-00921-6 $SV613 
208@/01 $a08-11-13 $bl 

lok: 32689966 23

exp: 32689966 23 1 #EPN
201B/01 $021-10-13 $t22:47:39.000 
201U/01 $0utf8 
203@/01 $0722089295 
204P/01 $010.1007/978-3-319-00921-6 $SV613 
208@/01 $a21-10-13 $bl
LEADER 00000cam a22000002c 4500
001 326899669
003 DE-603
005 20260306200022.0
007 cr||||||||||||
008 130806s2014 xx |||| o| u00||u|eng c
020 |a 9783319009216 
020 |a 3319009214 
024 7 |a 10.1007/978-3-319-00921-6  |2 doi 
028 5 2 |a SpringerNature-11643 
028 5 2 |a SpringerNature-43719 
035 |a (DE-599)HEB326899669 
035 |a (OCoLC)859589541 
040 |a DE-603  |b ger  |c DE-603  |d DE-603  |e rda 
041 |a eng 
082 7 |a 337  |2 23/eng 
083 7 |a 303.482  |2 23/eng 
083 7 |a 381  |2 23/eng 
100 1 |a Ding, Min  |e Verfasser  |4 aut 
245 0 0 |a ˜Theœ Bubble Theory  |b Towards a Framework of Enlightened Needs and Fair Development  |c by Min Ding 
250 |a 1st ed. 2014 
264 1 |a Cham  |b Springer International Publishing  |c 2014 
264 2 |a Cham  |b Springer International Publishing AG 
300 |a 1 Online-Ressource (VIII, 63 Seiten)  |b 5 illus. in color. 
336 |a Text  |b txt  |2 rdacontent 
337 |a Computermedien  |b c  |2 rdamedia 
338 |a Online-Ressource  |b cr  |2 rdacarrier 
490 0 |a SpringerBriefs in Business  |x 2191-5490 
650 7 |a Theorie  |0 (DE-588)4059787-8  |0 (DE-603)085166316  |2 gnd 
776 0 8 |i Erscheint auch als  |n Druck-Ausgabe  |a Ding, Min  |t The Bubble Theory  |d Cham : Springer International Publishing, 2014  |z 9783319009209 
776 1 |z 9783319009209 
776 1 |z 9783319009223 
856 |u https://doi.org/10.1007/978-3-319-00921-6  |x Resolving-System 
856 4 2 |m X:DE-He213  |q text/html  |u http://scans.hebis.de/HEBCGI/show.pl?32689966_toc.html  |3 Inhaltsverzeichnis 
856 4 2 |m X:DE-He213  |q text/html  |u http://scans.hebis.de/HEBCGI/show.pl?32689966_aub.html  |3 Ausführliche Beschreibung 
912 |a ZDB-2-SBE 
924 1 |9 603  |a (DE-603)72302961X  |b DE-603  |c HES  |d d 
924 1 |9 603  |a (DE-603)724945644  |b DE-603  |c HES  |d d 
924 1 |9 603  |a (DE-603)722007582  |b DE-603  |c HES  |d d 
924 1 |9 603  |a (DE-603)723029628  |b DE-603  |c HES  |d d 
924 1 |9 603  |a (DE-603)722089295  |b DE-603  |c HES  |d d